[Event "Belgrade Summer IM-A 2nd"]
[Site "Belgrade"]
[Date "2019.06.27"]
[Round "6"]
[White "Todorovic, Jovan"]
[Black "Mullick, Raahil"]
[Result "0-1"]
[WhiteElo "2373"]
[BlackElo "2252"]
[PlyCount "40"]
[EventDate "2019.06.24"]
[EventType "tourn"]
[EventRounds "11"]
[EventCountry "SRB"]
[EventCategory "2"]
[SourceTitle "EXT 2020"]
[Source "ChessBase"]
[SourceDate "2019.10.17"]
[SourceVersion "1"]
[SourceVersionDate "2019.10.17"]
[SourceQuality "1"]

1. e4 e5 2. Nf3 Nc6 3. Bb5 Nf6 4. d3 Bc5 5. c3 0-0 6. 0-0 d6 7. Nbd2 a6 8. Ba4 Ba7 9. Bc2 Ne7 10. Nc4 Ng6 11. Ne3 c6 12. d4 exd4 13. Nxd4 Re8 14. Ndf5 Nxe4 15. Bxe4 Rxe4 16. Nxd6 Re5 17. Nxc8 Rxc8 18. Nc4 Rd5 19. Qc2 Qh4 20. Be3 Bb8 0-1

[Event "Belgrade Summer IM-A 2nd"]
[Site "Belgrade"]
[Date "2019.06.24"]
[Round "1"]
[White "Todorovic, Jovan"]
[Black "Sapale, Saloni"]
[Result "1/2-1/2"]
[WhiteElo "2373"]
[BlackElo "2192"]
[PlyCount "40"]
[EventDate "2019.06.24"]
[EventType "tourn"]
[EventRounds "11"]
[EventCountry "SRB"]
[EventCategory "2"]
[SourceTitle "EXT 2020"]
[Source "ChessBase"]
[SourceDate "2019.10.17"]
[SourceVersion "1"]
[SourceVersionDate "2019.10.17"]
[SourceQuality "1"]

1. e4 e6 2. d4 d5 3. Nc3 Bb4 4. e5 c5 5. a3 Bxc3+ 6. bxc3 Ne7 7. a4 b6 8. Bb5+ Bd7 9. Bd3 Qc7 10. Nf3 Nbc6 11. 0-0 h6 12. Re1 Na5 13. Qd2 c4 14. Bf1 Bc6 15. g3 Qd7 16. Ba3 Nb7 17. Qc1 Ng6 18. h4 Bxa4 19. Bg2 Bc6 20. Bh3 Kd8 1/2-1/2

[Event "Veliko Gradiste Silver Lake op-A"]
[Site "Veliko Gradiste"]
[Date "2017.06.23"]
[Round "7"]
[White "Dogan, Nazmi Can"]
[Black "Todorovic, Jovan"]
[Result "1/2-1/2"]
[WhiteElo "2211"]
[BlackElo "2390"]
[PlyCount "54"]
[EventDate "2017.06.18"]
[EventType "swiss"]
[EventRounds "9"]
[EventCountry "SRB"]
[SourceTitle "CBM 179 Extra"]
[Source "ChessBase"]
[SourceDate "2017.08.23"]
[SourceVersion "1"]
[SourceVersionDate "2017.08.23"]
[SourceQuality "1"]

1. d4 e6 2. Nf3 f5 3. g3 Nf6 4. Bg2 d5 5. c4 c6 6. 0-0 Bd6 7. Nc3 0-0 8. Qc2 Qe7 9. Rb1 Bd7 10. c5 Bc7 11. b4 Ne4 12. Bf4 Bxf4 13. gxf4 Be8 14. Rb3 a6 15. a4 Bh5 16. Rfb1 Bxf3 17. exf3 Nxc3 18. Qxc3 Nd7 19. b5 axb5 20. axb5 Qf6 21. bxc6 bxc6 22. Rb7 Rfb8 23. Rxb8+ Rxb8 24. Rxb8+ Nxb8 25. Qb4 Qd8 26. Qb7 h6 27. h4 h5 1/2-1/2

[Event "Veliko Gradiste Silver Lake op-A"]
[Site "Veliko Gradiste"]
[Date "2017.06.21"]
[Round "5"]
[White "Radovic, Janko"]
[Black "Todorovic, Jovan"]
[Result "0-1"]
[WhiteElo "2310"]
[BlackElo "2390"]
[PlyCount "58"]
[EventDate "2017.06.18"]
[EventType "swiss"]
[EventRounds "9"]
[EventCountry "SRB"]
[SourceTitle "CBM 179 Extra"]
[Source "ChessBase"]
[SourceDate "2017.08.23"]
[SourceVersion "1"]
[SourceVersionDate "2017.08.23"]
[SourceQuality "1"]

1. e4 c5 2. d4 cxd4 3. c3 dxc3 4. Nxc3 Nc6 5. Nf3 e6 6. Bc4 a6 7. 0-0 Nge7 8. Bg5 h6 9. Bh4 g5 10. Bg3 Bg7 11. Qe2 b5 12. Bb3 Ng6 13. a4 g4 14. Nd2 b4 15. Nd1 Nd4 16. Qxg4 h5 17. Qh3 d6 18. f4 h4 19. Be1 Nxf4 20. Qg4 Nfe2+ 21. Kh1 Ng3+ 22. Bxg3 hxg3 23. h3 Be5 24. Ne3 Qh4 25. Qd1 Bb7 26. Ng4 Nxb3 27. Qf3 f5 28. Qxb3 Qxg4 29. Qxe6+ Kd8 0-1

[Event "Veliko Gradiste Silver Lake op-A"]
[Site "Veliko Gradiste"]
[Date "2017.06.20"]
[Round "4"]
[White "Todorovic, Jovan"]
[Black "Burcu, Cagatay"]
[Result "1/2-1/2"]
[WhiteElo "2390"]
[BlackElo "2241"]
[PlyCount "31"]
[EventDate "2017.06.18"]
[EventType "swiss"]
[EventRounds "9"]
[EventCountry "SRB"]
[SourceTitle "CBM 179 Extra"]
[Source "ChessBase"]
[SourceDate "2017.08.23"]
[SourceVersion "1"]
[SourceVersionDate "2017.08.23"]
[SourceQuality "1"]

1. d4 d5 2. c4 c6 3. Nf3 Nf6 4. Nc3 e6 5. Bg5 Nbd7 6. a3 Be7 7. e3 0-0 8. Bd3 dxc4 9. Bxc4 Nd5 10. Bxe7 Qxe7 11. Ne4 e5 12. 0-0 exd4 13. Qxd4 N7f6 14. Nxf6+ Nxf6 15. Qe5 Re8 16. Qxe7 1/2-1/2

[Event "SRB-chT"]
[Site "Kragujevac"]
[Date "2016.09.28"]
[Round "7.2"]
[White "Kojovic, Dragan"]
[Black "Todorovic, Jovan"]
[Result "0-1"]
[WhiteElo "2391"]
[BlackElo "2371"]
[PlyCount "65"]
[EventDate "2016.09.22"]
[EventType "team-tourn"]
[EventRounds "11"]
[EventCountry "SRB"]
[SourceTitle "CBM 174 Extra"]
[Source "ChessBase"]
[SourceDate "2016.10.10"]
[SourceVersion "1"]
[SourceVersionDate "2016.10.10"]
[SourceQuality "1"]
[WhiteTeam "Metalac"]
[BlackTeam "Jelica PEP"]
[WhiteTeamCountry "SRB"]
[BlackTeamCountry "SRB"]

1. e4 c5 2. Nf3 d6 3. d4 cxd4 4. Nxd4 Nf6 5. Nc3 Nc6 6. f3 e5 7. Nb3 Be7 8. Be3 0-0 9. Qd2 a5 10. Bb5 Na7 11. Bd3 Be6 12. Rd1 Nc8 13. 0-0 a4 14. Nc1 a3 15. b3 Nb6 16. Qf2 Nfd7 17. Bb5 Qc7 18. Nd5 Nxd5 19. exd5 Bf5 20. c4 Nc5 21. Qd2 Bg6 22. Ne2 Nd3 23. Qc3 Nb2 24. Rd2 Bf6 25. Ng3 Ra5 26. Rc1 e4 27. Bd4 e3 28. Qxe3 Rxb5 29. Bxf6 gxf6 30. h4 h5 31. Qh6 Re8 32. Nxh5 Qc5+ 33. Rf2 0-1

[Event "MNT-chT"]
[Site "Niksic"]
[Date "2016.08.08"]
[Round "3.3"]
[White "Milanovic, Slavisa"]
[Black "Todorovic, Jovan"]
[Result "1/2-1/2"]
[WhiteElo "2395"]
[BlackElo "2371"]
[PlyCount "131"]
[EventDate "2016.08.06"]
[EventType "team-tourn"]
[EventRounds "9"]
[EventCountry "MNE"]
[SourceTitle "CBM 173 Extra"]
[Source "ChessBase"]
[SourceDate "2016.08.29"]
[SourceVersion "1"]
[SourceVersionDate "2016.08.29"]
[SourceQuality "1"]

1. c4 Nf6 2. Nc3 g6 3. e4 d6 4. d4 Bg7 5. h3 0-0 6. Bg5 Na6 7. Nf3 h6 8. Be3 e5 9. d5 Nc5 10. Nd2 a5 11. Be2 Bd7 12. g4 c6 13. h4 a4 14. Kf1 Nh7 15. h5 Ng5 16. hxg6 fxg6 17. Kg2 cxd5 18. cxd5 b5 19. a3 Rb8 20. b4 axb3 21. Nxb3 Ncxe4 22. Nxe4 Nxe4 23. Qc2 Nf6 24. Bxh6 Nxg4 25. Bxg4 Bxg4 26. Qxg6 Bf3+ 27. Kf1 Qf6 28. Rg1 Rb7 29. Na5 Rc7 30. Nc6 Bxd5 31. Qxf6 Rxf6 32. Bxg7 Bc4+ 33. Ke1 Rxg7 34. Rxg7+ Kxg7 35. a4 bxa4 36. Rxa4 Bb5 37. Ra7+ Rf7 38. Rxf7+ Kxf7 39. Nb4 Ke6 40. Kd2 d5 41. Nc2 Ba4 42. Ne1 Kf5 43. Nd3 Bb5 44. Nb4 d4 45. Nd5 Ke4 46. Nb4 Be8 47. Nd3 Kd5 48. Nb4+ Ke4 49. Nd3 Bb5 50. Nb4 Kf3 51. Ke1 Kg2 52. Nd5 Bc6 53. Nb6 Kf3 54. Nc4 Kf4 55. Nd6 Bd5 56. Nb5 Bc4 57. Nd6 Ba6 58. Kd2 e4 59. Nf7 d3 60. Nd6 Kf3 61. Nf5 Kxf2 62. Ne3 Kf3 63. Nd1 Bc8 64. Nc3 Be6 65. Nd1 Bg8 66. Ne3 1/2-1/2

[Event "SRB-chT2 East"]
[Site "Vrnjacka Banja"]
[Date "2015.10.09"]
[Round "8.61"]
[White "Todorovic, Jovan"]
[Black "Ilic, Zoran S"]
[Result "1/2-1/2"]
[WhiteElo "2394"]
[BlackElo "2278"]
[PlyCount "22"]
[EventDate "2015.08.28"]
[EventType "team-tourn"]
[EventRounds "11"]
[EventCountry "SRB"]
[SourceTitle "EXT 2022"]
[Source "ChessBase"]
[SourceDate "2021.10.06"]
[SourceVersion "1"]
[SourceVersionDate "2021.10.06"]
[SourceQuality "1"]

1. e4 c5 2. Nf3 e6 3. d4 cxd4 4. Nxd4 a6 5. Nc3 b5 6. Bd3 Qb6 7. Nf3 Qc7 8. 0-0 Bb7 9. Re1 Be7 10. e5 f5 11. Nd4 Bc5 1/2-1/2

[Event "MNT-chT1"]
[Site "Bar"]
[Date "2015.10.01"]
[Round "6"]
[White "Cetkovic, Miodrag"]
[Black "Todorovic, Jovan"]
[Result "0-1"]
[WhiteElo "2136"]
[BlackElo "2394"]
[PlyCount "95"]
[EventDate "2015.09.26"]
[EventType "team-tourn"]
[EventRounds "9"]
[EventCountry "MNE"]
[SourceTitle "EXT 2017"]
[Source "ChessBase"]
[SourceDate "2016.10.25"]
[SourceVersion "1"]
[SourceVersionDate "2016.10.25"]
[SourceQuality "1"]

1. e4 c5 2. Nc3 Nc6 3. Nge2 d6 4. d4 cxd4 5. Nxd4 Nf6 6. Be3 e6 7. Bc4 a6 8. Qe2 Qc7 9. Bb3 Na5 10. g4 b5 11. g5 Nd7 12. Rg1 Nc5 13. Bd5 Rb8 14. a3 Be7 15. Rg3 Na4 16. Bd2 Nxb2 17. h4 Nbc4 18. Bc1 exd5 19. Nxd5 Qc5 20. Nb3 Qa7 21. Nxa5 Nxa5 22. Be3 Qd7 23. Bd4 Kf8 24. 0-0-0 Bb7 25. Nf4 Rc8 26. h5 Rg8 27. Kb1 Nc4 28. g6 hxg6 29. hxg6 f6 30. Rb3 Bd8 31. Nd3 Qe8 32. f3 Qxg6 33. Nf4 Qf7 34. Qg2 g5 35. Nd3 Qe6 36. Nf2 Rh8 37. Ng4 Rh4 38. Ne3 Nxe3 39. Rxe3 Be7 40. Bb2 Kf7 41. Qd2 Rch8 42. Rc3 Rh2 43. Qd4 Rc8 44. Qb6 Rxc3 45. Bxc3 Qc8 46. Kb2 Qc6 47. Qd4 Qc5 48. Qd3 0-1

[Event "MNT-chT1"]
[Site "Bar"]
[Date "2015.09.29"]
[Round "4"]
[White "Todorovic, Jovan"]
[Black "Batricevic, Sasa"]
[Result "1/2-1/2"]
[WhiteElo "2394"]
[BlackElo "2253"]
[PlyCount "118"]
[EventDate "2015.09.26"]
[EventType "team-tourn"]
[EventRounds "9"]
[EventCountry "MNE"]
[SourceTitle "EXT 2017"]
[Source "ChessBase"]
[SourceDate "2016.10.25"]
[SourceVersion "1"]
[SourceVersionDate "2016.10.25"]
[SourceQuality "1"]

1. e4 c5 2. Nf3 Nc6 3. d4 cxd4 4. Nxd4 e5 5. Nb5 a6 6. Nd6+ Bxd6 7. Qxd6 Qf6 8. Qxf6 Nxf6 9. Nc3 Nb4 10. Kd2 d6 11. a3 Nc6 12. Ke1 Be6 13. f3 d5 14. exd5 Nxd5 15. Nxd5 Bxd5 16. Bd3 0-0 17. Be3 Rfe8 18. Kf2 e4 19. fxe4 Bxe4 20. Bxe4 Rxe4 21. Rhe1 f5 22. Rad1 Rae8 23. Bc1 Rxe1 24. Rxe1 Rd8 25. b3 Kf7 26. Bb2 g5 27. Re2 Rd6 28. h3 h5 29. Bc3 Rd5 30. Rd2 Ke6 31. Rxd5 Kxd5 32. Bf6 Nd4 33. Bxg5 Nxc2 34. Kg3 Ke4 35. Kh4 f4 36. Kxh5 Ne3 37. h4 Nxg2 38. Kg4 Ne3+ 39. Kh3 f3 40. Kg3 Ng4 41. h5 Kf5 42. Bh4 Ne5 43. h6 f2 44. Kg2 Kg6 45. Kxf2 Ng4+ 46. Kf3 Nxh6 47. Ke4 Kf7 48. Bg5 Ng4 49. Kd5 Nf2 50. Bh4 Nd3 51. Kd6 b5 52. Bg5 b4 53. a4 a5 54. Kc6 Ke6 55. Be3 Ne1 56. Kb5 Nc2 57. Bb6 Na1 58. Kxa5 Nxb3+ 59. Kxb4 Kd7 1/2-1/2

[Event "MNT-chT"]
[Site "Ulcinj"]
[Date "2014.09.26"]
[Round "7.4"]
[White "Todorovic, Jovan"]
[Black "Kalezic, Blazo"]
[Result "1/2-1/2"]
[WhiteElo "2411"]
[BlackElo "2416"]
[PlyCount "41"]
[EventDate "2014.09.20"]
[EventType "team-tourn"]
[EventRounds "9"]
[EventCountry "MNE"]
[SourceTitle "CBM 162 Extra"]
[Source "ChessBase"]
[SourceDate "2014.10.17"]
[SourceVersion "1"]
[SourceVersionDate "2014.10.17"]
[SourceQuality "1"]
[WhiteTeam "Mimoza"]
[BlackTeam "Buducnost"]
[WhiteTeamCountry "MNE"]
[BlackTeamCountry "MNE"]

1. e4 e6 2. d4 d5 3. Nc3 a6 4. Nf3 Nf6 5. Bd3 c5 6. exd5 exd5 7. Qe2+ Be7 8. dxc5 0-0 9. Bg5 Nc6 10. 0-0-0 Be6 11. Bc4 Re8 12. Bxf6 Bxf6 13. Nxd5 Bxd5 14. Rxd5 Bxb2+ 15. Kxb2 Qf6+ 16. Ne5 Nxe5 17. Kb1 b5 18. Re1 bxc4 19. Rxe5 Rab8+ 20. Kc1 Rf8 21. Qxc4 1/2-1/2

[Event "MNT-chT"]
[Site "Ulcinj"]
[Date "2014.09.23"]
[Round "4.4"]
[White "Perovic, Vladimir"]
[Black "Todorovic, Jovan"]
[Result "1/2-1/2"]
[WhiteElo "2190"]
[BlackElo "2411"]
[PlyCount "64"]
[EventDate "2014.09.20"]
[EventType "team-tourn"]
[EventRounds "9"]
[EventCountry "MNE"]
[SourceTitle "CBM 162 Extra"]
[Source "ChessBase"]
[SourceDate "2014.10.17"]
[SourceVersion "1"]
[SourceVersionDate "2014.10.17"]
[SourceQuality "1"]
[WhiteTeam "Niksic"]
[BlackTeam "Mimoza"]
[WhiteTeamCountry "MNE"]
[BlackTeamCountry "MNE"]

1. e4 c5 2. Nf3 d6 3. d4 cxd4 4. Nxd4 Nf6 5. Nc3 Nc6 6. Be2 g6 7. Be3 Bg7 8. 0-0 0-0 9. Nxc6 bxc6 10. f4 Rb8 11. Rb1 Qc7 12. Bf3 Nd7 13. Bd4 e5 14. fxe5 Nxe5 15. Kh1 Re8 16. b3 Ba6 17. Be2 Bxe2 18. Qxe2 Re6 19. Rbd1 Rbe8 20. Qa6 R8e7 21. h3 h5 22. b4 Qb8 23. b5 cxb5 24. Nxb5 d5 25. Qa4 dxe4 26. Bxa7 Qa8 27. Qa3 Nc4 28. Qc5 Qc6 29. Nd4 Bxd4 30. Rxd4 Ne5 31. Rd8+ Kh7 32. Qd4 f6 1/2-1/2